000 00520nam a2200205Ia 4500
005 20250326145415.0
008 250326s9999 xx 000 0 und d
037 _aTextbook
040 _aFMSL
_beng
_cFMSL
041 _aeng
_2eng
084 _qFMSL
100 _aGrabot B
_9751114
245 0 _aAdvance in production management system
_cGrabot B; Vallespir B
250 _a2
260 _aN
_bN, Y Springer
_c2014
365 _b10872.08
650 _aManagement
942 _cTB
999 _c1307473
_d1307473